The ABC's of the economic crisis : (Record no. 147015)
[ view plain ]
| 000 -LEADER | |
|---|---|
| fixed length control field | 00659nam a22002057a 4500 |
| 005 - DATE AND TIME OF LATEST TRANSACTION | |
| control field | 20171031114356.0 |
| 010 ## - LCCN (DPL NO) | |
| LC control number | ENG-121150 |
| 020 ## - INTERNATIONAL STANDARD BOOK NUMBER | |
| International Standard Book Number | 9789350020463 |
| Terms of availability | 175.00 |
| 035 ## - SYSTEM CONTROL NUMBER | |
| System control number | EN-104682 |
| 037 ## - SOURCE OF ACQUISITION | |
| Source of stock number/acquisition | DBAD/PUB |
| 082 ## - DEWEY DECIMAL CLASSIFICATION NUMBER | |
| Classification number | 330.973 |
| 100 ## - MAIN ENTRY--PERSONAL NAME | |
| Personal name | Magdoff, Fred |
| 245 ## - TITLE STATEMENT | |
| Title | The ABC's of the economic crisis : |
| Statement of responsibility, etc | by Fred Mafdoff [and] Michael D. Yates |
| Remainder of title | what working people need to know / |
| 260 ## - PUBLICATION, DISTRIBUTION, ETC. (IMPRINT) | |
| Place of publication, distribution, etc | New Delhi |
| Name of publisher, distributor, etc | Aakar Books |
| Date of publication, distribution, etc | 2010 |
| 270 ## - ADDRESS | |
| Address | 28 E Pocket IV, Mayur Vihar Phase I |
| City | New Delhi |
| Postal code | 110091 |
| 300 ## - PHYSICAL DESCRIPTION | |
| Extent | 144p. |
| Dimensions | 21.5cm(pbk) |
| 500 ## - GENERAL NOTE | |
| General note | Includes index |
| 700 ## - ADDED ENTRY--PERSONAL NAME | |
| Personal name | Yates, Michael D. |
| 942 ## - ADDED ENTRY ELEMENTS (KOHA) | |
| Source of classification or shelving scheme | Dewey Decimal Classification |
| Item type | English Books |
| Classification part | 330.973 |
| Call number suffix | MAG |
| Withdrawn status | Lost status | Not for loan | Collection code | Home library | Current library | Date acquired | Source of acquisition | Cost, normal purchase price | Full call number | Barcode | Copy number | Cost, replacement price | Koha item type |
|---|---|---|---|---|---|---|---|---|---|---|---|---|---|
| Not For Loan | Non-fiction | D.B.Act.Division | Bawana | 31/10/2017 | DBAD/PUB | 175.00 | 330.973 MAG | EN-104682 | 1 | 175.00 | English Books |
